000 01153cam a22003377a 4500
003 CHAP
005 20220329141156.0
008 060405s1977 r 00010 d
010 _a63874
011 _a64846
035 _a70980
040 _cCHAP
090 _aTesis
100 0 0 _aFlores Valdez, Claudio Armando.
_941768
245 1 3 _aEl nopal como forraje
260 _aChapingo, Méx. :
_bEl autor,
_c1977
300 _a179 h. ilus.; cuadros, mapas.
500 _a1 c. en microficha
502 _aTesis (Ing. Agr. Esp. en Zootecnia) -- ENA. Departamento de Zootecnia
590 _aALEPH
_b10
_c20130110
_lUCH01
_h1347
590 _aBATCH-UPD
_b10
_c20130109
_lUCH01
_h2320
590 _aBATCH-UPD
_b10
_c20130110
_lUCH01
_h1813
590 _aCONVERSION
_b10
_c20130109
_lUCH01
_h1334
650 1 4 _aNopal como forraje.
_981712
710 0 _aENA. Departamento de Zootecnia.
_936706
901 _aBK
942 _cFOLL
949 _aTesis
_bBC
_cTES
_d33724002021710
_eTS1
_h44875
_i70980
_sb
949 _aTesis
_bBC
_cTES
_d33724002338421
_eTS2
_fc.2
_gDonaciØn
_i70980
_si
949 _aTesis
_bBC
_cTES
_d33724002338439
_eTS2
_fc.3
_gDonaciØn
_h53414
_i70980
_sb
999 _c63874
_d63874